Pays avec moins d'un millions d'habitants -mort subite - Statistiques

Statistiques générales
  • Ce quiz a été pris 135 fois
  • Le résultat moyen est 3 sur 16
Answers on the Grid
Answers color-coded by a green-red scale on the quiz's grid according to % correct below.
Monaco
Bahrein
Nouvelle-Calédonie
Iles Cook
Nauru
Luxembourg
Jamaique
Djibouti
Eswatini
Gibraltar
Ryugyong
Timor oriental
Bhoutan
Bahamas
Islande
Guyane
Guyana
Macao
Suriname
Maurice
Fiji
Belize
Dominique
Kosovo
Monténégro
Lesotho
Géorgie
Koweit
Tonga
Barbade
Sainte-Lucie
Comores
 
Statistiques - réponses
Réponse % Correct
Monaco
50%
Nauru
32%
Fiji
27%
Dominique
23%
Luxembourg
23%
Sainte-Lucie
23%
Islande
18%
Barbade
14%
Tonga
14%
Belize
9%
Bhoutan
9%
Comores
9%
Suriname
9%
Bahamas
5%
Guyana
0%
Monténégro
0%
Aucun quiz correspondant
Distribution des résultats
% des personnes avec chaque résultat
Percentile par nombre de réponses
Votre historique - résultats
Vous n’avez pas pris ce quiz